000 02002nam a2200313 a 4500
001 000000393
003 DO-SdBNP
005 20210728102633.0
008 081112s2007 dr ac 000 0 spa d
020 _a9789993442677
020 _a9993442674
040 _aDO-SdBNP
_bspa
_cBNPHU
082 _a781.63
_bA934m
100 1 _aAusterlitz, Paul
_91315
245 1 0 _aMerengue :
_bmúsica e identidad dominicana /
_cPaul Austerlitz; prólogo Robert Farris Thomopson; Traducción María Luisa Santoni.
260 _aSanto Domingo :
_bSecretaría de Estado de Cultura,
_c2007.
300 _a283 p. :
_bil., retrs. ;
_c23 cm.
500 _aIncluye datos biográficos de la autora en la solapa de la cubierta
505 0 _tAgradecimientos --
_tPresentación /
_rBasilio Belliard --
_tPaul Austerlitz y los estudios de la música dominicana --
_tPrólogo a la edición en español /
_rDarío Tejeda --
_tPrólogo a la edición en inglés /
_rRobert Farris Thompson --
_tPrefacio --
_tIntroducción --
_tPrimera parte: la historia del merengue: 1854-1961 --
_tEl merengue caribeño del siglo XIX --
_tMerengue cibaeño: nacionalismo cultural y resistencia --
_tLa música y el Estado: el merengue durante la Era de Trujillo, 1930-1961 --
_tSegunda parte: la era contemporánea, 1961-119 --
_tEl merengue en la comunidad transnacional --
_tInnovación y temas sociales en el merengue pop --
_tEl merengue en el escenario mundial --
_tPersistencia del locacismo --
_tConclusiones --
_tEpílogo /
_rJosé G. Guerrero --
_tNotas --
_tBibliografía.
590 _aInventariado, 2019/MFF
650 1 4 _aMerengue (baile)
_zRepública Dominicana
_y1854-1961
_91316
650 1 4 _aMerengue (música)
_zRepública Dominicana
_y1854-1961
_91317
650 1 4 _aMúsica popular dominicana
_ySiglo XX
_91318
650 1 4 _aMúsica popular dominicana
_xHistoria y crítica
_91099
700 1 _aFarris Thomopson, Robert,
_epról.
_91319
700 1 _aSantoni, María Luisa,
_etr.
_91320
910 _aValidado. Control de calidad MFF
942 _2ddc
_cLBS1
999 _c392
_d392